Myšlienkový svet Jonáša Záborského

Bibliographic Details
Main Author: Dupkala, Rudolf, 1956- (Author)
Format: Article
Language:Slovak
PhysicalDescription:Lit. 8 zázn. v slov.
ISSN:0231-6714
Subjects:

MARC

LEADER 00000nab a2200000 a 4500
001 vtls000638340
003 SK-MaSNL
005 20260304094820.0
008 250425c1997 xo 0 slo
015 |a SNBRB19rr/mm-uuuuu 
035 |a CL0638479 
035 |a urn:nbn:sk:snk-abbr7h 
035 |a (urnnbn)urn:nbn:sk:snk:ar-0000uw 
035 |a (uuid)8aa4ec5c-51c7-4b49-b19a-f4552ffa31f6 
040 |a SNKBUCL  |b slo  |c SNKBUCL  |e AACR2 
041 0 |a slo 
044 |a xo  |c SK 
080 |a 82(091):885.4"18"  |2 1981 
080 |a 885.4(091)"18"  |2 1981 
100 1 |a Dupkala, Rudolf,  |d 1956-  |4 aut  |9 99146 
245 1 0 |a Myšlienkový svet Jonáša Záborského  |c Rudolf Dupkala 
300 |b Lit. 8 zázn. v slov. 
600 1 7 |a Záborský, Jonáš  |d 1812-1876  |x tvorba  |x východiská filozofické  |2 snkbucl  |9 1391544 
655 7 |a články z novín a časopisov  |2 snkbucl  |9 267496 
773 0 |t Romboid  |g Roč. 32, č. 5-6 (1997), s. 22-26  |x 0231-6714 
850 |a Slovenská národná knižnica 
852 |a Slovenská národná knižnica 
958 |a article15 
958 |a LX 
958 |a SK 
958 |a NB 
958 |a RK 
958 |a OND 
958 |a EUIPO 
992 |a RBX 
999 |c 2829107  |d 2831037